नारीः समस्या और समाधान / (Record no. 51253)

MARC details
000 -LEADER
fixed length control field 01113nam a22003017a 4500
005 - DATE AND TIME OF LATEST TRANSACTION
control field 20080929101452.0
008 - FIXED-LENGTH DATA ELEMENTS--GENERAL INFORMATION
fixed length control field 080929t xxu||||| |||| 00| 0chin d
010 ## - LCCN (DPL NO)
LC control number HIN-92160
020 ## - INTERNATIONAL STANDARD BOOK NUMBER
International Standard Book Number 9788189198244
Terms of availability 200.00
035 ## - SYSTEM CONTROL NUMBER
System control number HN-64506
037 ## - SOURCE OF ACQUISITION
Source of stock number/acquisition DBAD / PUB
040 ## - CATALOGING SOURCE
Original cataloging agency DPL
Language of cataloging HN
082 ## - DEWEY DECIMAL CLASSIFICATION NUMBER
Classification number 305
100 ## - MAIN ENTRY--PERSONAL NAME
9 (RLIN) 26640
Personal name सिहं, सुधा
245 ## - TITLE STATEMENT
Title नारीः समस्या और समाधान /
Statement of responsibility, etc सुधा सिंह
246 ## - VARYING FORM OF TITLE
Title proper/short title Nari Samasya aur Samadhan
Remainder of title by Sudha singh
260 ## - PUBLICATION, DISTRIBUTION, ETC. (IMPRINT)
Place of publication, distribution, etc नई दिल्ली
Name of publisher, distributor, etc हरबंस लाल एण्ड संस
Date of publication, distribution, etc 2010
270 ## - ADDRESS
Address डी-38, निहाल विहार
City नई दिल्ली
Postal code 110041
300 ## - PHYSICAL DESCRIPTION
Extent 144पृ.
Dimensions 22सेमी (सजिल्द)
650 ## - SUBJECT ADDED ENTRY--TOPICAL TERM
9 (RLIN) 697
650 ## - SUBJECT ADDED ENTRY--TOPICAL TERM
9 (RLIN) 26793
650 ## - SUBJECT ADDED ENTRY--TOPICAL TERM
9 (RLIN) 26674
650 ## - SUBJECT ADDED ENTRY--TOPICAL TERM
9 (RLIN) 698
700 ## - ADDED ENTRY--PERSONAL NAME
9 (RLIN) 26643
710 ## - ADDED ENTRY--CORPORATE NAME
9 (RLIN) 26662
942 ## - ADDED ENTRY ELEMENTS (KOHA)
Source of classification or shelving scheme Dewey Decimal Classification
Item type Hindi Books
Classification part 305
Call number suffix सिहंसु
Holdings
Withdrawn status Lost status Source of classification or shelving scheme Damaged status Not for loan Collection code Home library Current library Date acquired Source of acquisition Cost, normal purchase price Total Checkouts Full call number Barcode Date last seen Copy number Cost, replacement price Koha item type
    Dewey Decimal Classification   Not For Loan Non-fiction D.B.Act.Division D.B.Act.Division 25/03/2011 DBAD / PUB 200.00   305 सुधासि HN-64506 25/03/2011 1 200.00 Hindi Books

© Delhi Public Library
Hit Counter
free hit counter